| 000 | 00883pam a2200253 i 4500 | ||
|---|---|---|---|
| 001 | 3180078 | ||
| 005 | 19770126000000.0 | ||
| 008 | 760725r1976 ctu | b 001 0 eng d | ||
| 010 | _a 76027696 | ||
| 020 | _a0837190878 | ||
| 040 |
_aDLC _cDLC _dDLC |
||
| 050 | 1 | 0 |
_aD445 _b.K58 1976 |
| 082 | 0 | 0 |
_a320.54 _bKOH _222 |
| 100 | 1 |
_aKohn, Hans, _d1891-1971. _910397 |
|
| 245 | 1 | 4 |
_aThe Age of Nationalism : _bthe First Era of Global History / _cHans Kohn. |
| 260 |
_aWestport, Conn. : _bGreenwood Press, 1962 _c1962. |
||
| 300 |
_a172 p. ; _c23 cm. |
||
| 500 | _aDonation | ||
| 500 | _aIncludes index | ||
| 650 | 0 |
_aHistory, Modern _y20th century. _910398 |
|
| 650 | 0 |
_aNationalism _xHistory. _910399 |
|
| 942 |
_2ddc _cBB |
||
| 999 |
_c13145 _d13145 |
||